000 00494nam a2200193 a 4500
001 1773224833524
003 YourLibrary
005 20260311160325.0
008 260311s1999##################000#0#eng##
020 _a9780195651317
082 0 4 _a338.9
_bSEN
100 1 _aSen, Amartya Kumar,
_eauthor.
245 1 0 _aResources Values & Dev (Oip) :
260 _c1999.
300 _a547 pages
650 0 _aEconomic development.
942 _cENGLISH
040 _aYourLibrary
_beng
_cYourLibrary
999 _c617627
_d617627